Animals Faster than Usain Bolt Quiz Stats

 Plays Quiz Updated Oct 4, 2014

Score 0/11 Timer 01:00
1 Play Today
% Correct
Lion
91.6%
Zebra
89.8%
Coyote
88.8%
Ostrich
88.8%
Reindeer
82.5%
Kangaroo
80.8%
Elk
76.4%
Grizzly Bear
69.6%
Giraffe
68.1%
Domestic Rabbit
63%
Domestic Cat
56.2%

You're not logged in!

Compare scores with friends on all Sporcle quizzes.
OR
Log In

Show Comments

Extras

Top Quizzes Today


Score Distribution

Your Account Isn't Verified!

In order to create a playlist on Sporcle, you need to verify the email address you used during registration. Go to your Sporcle Settings to finish the process.

Report this User

Report this user for behavior that violates our Community Guidelines.

Details: